La Ciudad mercado (Tlaxiaco) (Record no. 134035)

MARC details
000 -CABECERA
campo de control de longitud fija 00525nam a2200181 a 4500
005 - FECHA Y HORA DE LA ÚLTIMA TRANSACCIÓN
campo de control 20210219160251.0
008 - ELEMENTOS DE LONGITUD FIJA--INFORMACIÓN GENERAL
campo de control de longitud fija 081002s2000 mx r 000 0 spa d
035 ## - NÚMERO DE CONTROL DEL SISTEMA
Número de control de sistema UPN01000161922
049 ## - COLECCIÓN
Colección UNE
080 ## - NÚMERO DE CLASIFICACIÓN DECIMAL UNIVERSAL
Número de la Clasificación Decimal Universal 331.6 (727.2) MAR No.4.
100 1# - ASIENTO PRINCIPAL--NOMBRE PERSONAL
Nombre de persona Marroquín, Alejandro
245 13 - MENCIÓN DE TÍTULO
Título La Ciudad mercado (Tlaxiaco)
260 ## - PUBLICACIÓN, DISTRIBUCIÓN, ETC.
Lugar de publicación, distribución, etc. México : INI, 1978.
300 ## - DESCRIPCIÓN FÍSICA
Extensión 239 p. : map.
440 #0 - MENCIÓN DE SERIE/ASIENTO SECUNDARIO--TÍTULO
Título Clasicos de la antropología mexicana; 4
690 ## - PUNTO DE ACCESO ADICIONAL DE MATERIA LOCAL--TÉRMINO DE MATERIA (OCLC, RLIN)
Término de materia o nombre geográfico como elemento inicial Mercados- Poblaciones indigenas- Mexico (Oaxaca)
905 ## - TIPO DE MATERIAL
Tipo de material UNESCO

No items available.